[Event "American Continental 15th"]
[Site "Sao Paulo"]
[Date "2019.07.07"]
[Round "4"]
[White "Ferreira, Kleber Victor"]
[Black "Minelli, Fausto"]
[Result "1-0"]
[WhiteElo "2038"]
[BlackElo "1760"]
[PlyCount "77"]
[EventDate "2019.07.05"]
[EventType "swiss"]
[EventRounds "11"]
[EventCountry "BRA"]
[SourceTitle "CBM 191 Extra"]
[Source "ChessBase"]
[SourceDate "2019.09.30"]
[SourceVersion "1"]
[SourceVersionDate "2019.09.30"]
[SourceQuality "1"]

1. e4 c6 2. d4 d5 3. f3 dxe4 4. fxe4 e5 5. Nf3 Bg4 6. Bc4 Nf6 7. Bxf7+ Kxf7 8. Nxe5+ Kg8 9. Nxg4 h5 10. Nxf6+ Qxf6 11. Nc3 Nd7 12. Be3 Bb4 13. Qd3 Bxc3+ 14. bxc3 Re8 15. Bf2 Qg6 16. 0-0 Rxe4 17. Rae1 Nf6 18. Bh4 Kh7 19. Bxf6 Rxe1 20. Rxe1 Qxd3 21. cxd3 gxf6 22. Re7+ Kg6 23. Rxb7 a5 24. Kf2 Rd8 25. Rc7 Rd6 26. Kf3 a4 27. Kf4 a3 28. Ra7 c5 29. dxc5 Rxd3 30. Rxa3 Rd5 31. Rb3 Rxc5 32. Ke4 Re5+ 33. Kd4 Re2 34. c4 Rxa2 35. c5 h4 36. c6 Rd2+ 37. Rd3 Rc2 38. Rc3 Rd2+ 39. Kc5 1-0

[Event "American Continental 15th"]
[Site "Sao Paulo"]
[Date "2019.07.06"]
[Round "2"]
[White "Ferreira, Kleber Victor"]
[Black "Cabral Mesquita, Jussier"]
[Result "1-0"]
[WhiteElo "2038"]
[BlackElo "1728"]
[PlyCount "85"]
[EventDate "2019.07.05"]
[EventType "swiss"]
[EventRounds "11"]
[EventCountry "BRA"]
[SourceTitle "CBM 191 Extra"]
[Source "ChessBase"]
[SourceDate "2019.09.30"]
[SourceVersion "1"]
[SourceVersionDate "2019.09.30"]
[SourceQuality "1"]

1. e4 c5 2. Nc3 d6 3. f4 g6 4. Nf3 Bg7 5. Bb5+ Nc6 6. Bxc6+ bxc6 7. d3 e6 8. 0-0 Ne7 9. Qe1 0-0 10. Bd2 Qc7 11. Na4 h6 12. c4 Rb8 13. Rb1 Bd7 14. b3 Qd8 15. Ba5 Qc8 16. Qh4 Re8 17. Bd2 Qd8 18. Rbe1 Nc8 19. Qg3 Ne7 20. h4 Rf8 21. h5 Be8 22. f5 exf5 23. Nh4 Be5 24. Qh3 Kh7 25. hxg6+ fxg6 26. exf5 Bg7 27. fxg6+ Nxg6 28. Nf5 Bd7 29. Bxh6 Bxf5 30. Rxf5 Rxf5 31. Bg5+ Kg8 32. Bxd8 Bd4+ 33. Kh1 Rf7 34. Re8+ Kg7 35. Bf6+ Rxf6 36. Rxb8 Rf1+ 37. Kh2 Be5+ 38. g3 Rf2+ 39. Kh1 Kf6 40. Re8 Rxa2 41. Qe6+ Kg7 42. Rg8+ Kh7 43. Qxg6# 1-0

[Event "Rio de Janeiro Duchamp op 2nd"]
[Site "Rio de Janeiro"]
[Date "2018.11.19"]
[Round "8"]
[White "Brito, Vicente de Paulo Al"]
[Black "Ferreira, Kleber Victor"]
[Result "1/2-1/2"]
[WhiteElo "2044"]
[BlackElo "2053"]
[PlyCount "83"]
[EventDate "2018.11.14"]
[EventType "swiss"]
[EventRounds "9"]
[EventCountry "BRA"]
[SourceTitle "CBM 187 Extra"]
[Source "ChessBase"]
[SourceDate "2018.11.04"]
[SourceVersion "1"]
[SourceVersionDate "2018.11.04"]
[SourceQuality "1"]

1. e4 e5 2. Bc4 Nc6 3. Nf3 Nf6 4. d4 exd4 5. e5 d5 6. Bb5 Ne4 7. Nxd4 Bd7 8. Bxc6 bxc6 9. 0-0 Bc5 10. f3 Ng5 11. Be3 0-0 12. f4 Ne4 13. Nd2 Nxd2 14. Qxd2 f6 15. b4 Bb6 16. Nb3 Qe7 17. Rae1 fxe5 18. Bxb6 axb6 19. Rxe5 Qf6 20. c3 Rf7 21. g3 Bh3 22. Rfe1 Raf8 23. Re8 g5 24. Rxf8+ Rxf8 25. Qd4 gxf4 26. Qxf6 Rxf6 27. Kf2 fxg3+ 28. Kxg3 Bf5 29. Re7 Rf7 30. Rxf7 Kxf7 31. a4 Bc8 32. Nd4 c5 33. bxc5 bxc5 34. Nb5 Bd7 35. Nxc7 Bxa4 36. Nxd5 Ke6 37. Nf4+ Ke5 38. Kf3 Bc6+ 39. Ke3 c4 40. Ne2 h6 41. Nd4 Be8 42. Ne2 1/2-1/2

[Event "Rio de Janeiro Duchamp op 2nd"]
[Site "Rio de Janeiro"]
[Date "2018.11.14"]
[Round "2"]
[White "Chaves, Jorge Antonio Torre"]
[Black "Ferreira, Kleber Victor"]
[Result "1-0"]
[WhiteElo "1922"]
[BlackElo "2053"]
[PlyCount "81"]
[EventDate "2018.11.14"]
[EventType "swiss"]
[EventRounds "9"]
[EventCountry "BRA"]
[SourceTitle "CBM 187 Extra"]
[Source "ChessBase"]
[SourceDate "2018.11.04"]
[SourceVersion "1"]
[SourceVersionDate "2018.11.04"]
[SourceQuality "1"]

1. e4 e5 2. Nc3 Nc6 3. Nf3 Nf6 4. Bb5 Nd4 5. Bc4 c6 6. 0-0 d5 7. exd5 cxd5 8. Nxd4 dxc4 9. Nf3 Bd6 10. d3 0-0 11. Bg5 h6 12. Bxf6 gxf6 13. Nh4 f5 14. g3 Be6 15. Qf3 cxd3 16. cxd3 Qd7 17. Rfe1 Rad8 18. Rad1 Kh7 19. d4 e4 20. Qe3 Bc4 21. Ng2 Rg8 22. b3 Bd3 23. Nd5 Kg7 24. Rc1 Bb5 25. Red1 Bc6 26. Ndf4 Be7 27. Nh5+ Kh7 28. Ngf4 Bg5 29. Rc5 b6 30. Rc3 Rc8 31. Rdc1 Bb7 32. Rxc8 Rxc8 33. Rxc8 Qxc8 34. h4 Be7 35. Qd2 a5 36. d5 Bb4 37. Nf6+ Kh8 38. Qd4 Qc5 39. Qe5 Qc3 40. Qe8+ Kg7 41. N4h5+ 1-0

[Event "Rio de Janeiro Padua Memorial 3rd"]
[Site "Rio de Janeiro"]
[Date "2018.11.04"]
[Round "5"]
[White "Rios Filho, Hilton Carlos da Si"]
[Black "Ferreira, Kleber Victor"]
[Result "1/2-1/2"]
[WhiteElo "2138"]
[BlackElo "2053"]
[PlyCount "40"]
[EventDate "2018.11.02"]
[EventType "swiss"]
[EventRounds "6"]
[EventCountry "BRA"]
[SourceTitle "CBM 187 Extra"]
[Source "ChessBase"]
[SourceDate "2018.11.04"]
[SourceVersion "1"]
[SourceVersionDate "2018.11.04"]
[SourceQuality "1"]

1. Nf3 f5 2. c4 Nf6 3. g3 d6 4. Bg2 e6 5. Nc3 Be7 6. b4 0-0 7. 0-0 Qe8 8. d4 e5 9. dxe5 dxe5 10. Nd5 Bd8 11. Bb2 c6 12. Nxf6+ Bxf6 13. e4 f4 14. Qd6 Nd7 15. Rad1 Nb6 16. Nxe5 f3 17. Bh1 Bh3 18. Rfe1 Rd8 19. Qc7 Rc8 20. Qd6 Rd8 1/2-1/2

[Event "Florianopolis zt 2.4"]
[Site "Florianopolis"]
[Date "2017.04.30"]
[Round "7"]
[White "Ferreira, Kleber Victor"]
[Black "Serafim Junior, Arnor"]
[Result "1-0"]
[WhiteElo "2087"]
[BlackElo "1855"]
[PlyCount "91"]
[EventDate "2017.04.26"]
[EventType "swiss"]
[EventRounds "9"]
[EventCountry "BRA"]
[SourceTitle "CBM 178 Extra"]
[Source "ChessBase"]
[SourceDate "2017.06.22"]
[SourceVersion "1"]
[SourceVersionDate "2017.06.22"]
[SourceQuality "1"]

1. d4 Nf6 2. Nc3 g6 3. e4 d6 4. f4 Bg7 5. e5 dxe5 6. fxe5 Nd5 7. Nf3 Bg4 8. Bc4 c6 9. 0-0 0-0 10. Bb3 Na6 11. Qe1 Nac7 12. Ne4 Ne6 13. c3 a5 14. Qh4 Bxf3 15. Rxf3 a4 16. Rh3 h5 17. Bc2 c5 18. Ng3 Re8 19. Nxh5 gxh5 20. Rg3 Qb6 21. Qe4 Nf8 22. Qxd5 cxd4 23. Qxd4 Qxd4+ 24. cxd4 Red8 25. Bh6 Ne6 26. Bxg7 Nxg7 27. Rd1 e6 28. Kf2 Rac8 29. Rc3 Rxc3 30. bxc3 b5 31. Rb1 Ne8 32. Rxb5 Nc7 33. Rc5 Nd5 34. Bxa4 Nf4 35. Bc2 Ra8 36. a4 Rb8 37. Rb5 Rc8 38. Rc5 Rb8 39. g3 Nh3+ 40. Ke3 Rb2 41. Kd2 Ng5 42. Kc1 Rb8 43. Rb5 Rc8 44. Kb2 Nf3 45. Bd1 Nd2 46. Bxh5 1-0

[Event "Praia do Morro Guarapari op"]
[Site "Praia do Morro"]
[Date "2017.04.15"]
[Round "4"]
[White "Ribeiro, Jose Joselito"]
[Black "Ferreira, Kleber Victor"]
[Result "1/2-1/2"]
[WhiteElo "1932"]
[BlackElo "2087"]
[PlyCount "56"]
[EventDate "2017.04.14"]
[EventType "swiss"]
[EventRounds "6"]
[EventCountry "BRA"]
[SourceTitle "CBM 177 Extra"]
[Source "ChessBase"]
[SourceDate "2017.04.27"]
[SourceVersion "1"]
[SourceVersionDate "2017.04.27"]
[SourceQuality "1"]

1. e4 e5 2. Nf3 Nc6 3. Bb5 f5 4. d4 fxe4 5. Nxe5 Nxe5 6. dxe5 c6 7. Be2 Qa5+ 8. Nc3 Qxe5 9. 0-0 Nf6 10. Be3 d5 11. Bd4 Qg5 12. f4 Qf5 13. h3 Be7 14. g4 Qg6 15. Bxf6 Bxf6 16. Nxd5 0-0 17. Nxf6+ Qxf6 18. c3 Be6 19. Qd2 Rfe8 20. Qe3 h6 21. a3 Rad8 22. Rad1 Bf7 23. Rxd8 Qxd8 24. Rd1 Qe7 25. Kh2 Bb3 26. Rd2 Bd5 27. Kg3 Rf8 28. c4 Bf7 1/2-1/2

[Event "Rio de Janeiro Estadual-ch"]
[Site "Rio de Janeiro"]
[Date "2015.10.12"]
[Round "5"]
[White "Petrenko, Willy"]
[Black "Ferreira, Kleber Victor"]
[Result "0-1"]
[WhiteElo "2009"]
[BlackElo "2052"]
[PlyCount "58"]
[EventDate "2015.10.10"]
[EventType "swiss"]
[EventRounds "6"]
[EventCountry "BRA"]
[SourceTitle "CBM 168 Extra"]
[Source "ChessBase"]
[SourceDate "2015.10.29"]
[SourceVersion "1"]
[SourceVersionDate "2015.10.29"]
[SourceQuality "1"]

1. e4 e5 2. Nf3 Nc6 3. Bb5 f5 4. d3 Nf6 5. Nbd2 fxe4 6. Nxe4 d5 7. Nxf6+ gxf6 8. Nh4 Be6 9. Qh5+ Bf7 10. Qf3 Qd6 11. Bd2 0-0-0 12. Bxc6 Qxc6 13. 0-0-0 Qa6 14. Kb1 d4 15. b3 Rd6 16. Bb4 Rc6 17. Bxf8 Rxf8 18. Qe2 Qa3 19. Rc1 Rd8 20. Nf5 Rd5 21. c4 dxc3 22. Ne3 Rxd3 23. Rc2 Bg6 24. Ka1 Rd4 25. Nc4 Rcxc4 26. bxc4 Bxc2 27. Qxc2 Rd2 28. Qf5+ Kb8 29. Qb1 Rb2 0-1

[Event "Rio de Janeiro Estadual-ch"]
[Site "Rio de Janeiro"]
[Date "2015.10.10"]
[Round "1"]
[White "Ferreira, Kleber Victor"]
[Black "Rangel, Daniel"]
[Result "1/2-1/2"]
[WhiteElo "2052"]
[BlackElo "2265"]
[PlyCount "99"]
[EventDate "2015.10.10"]
[EventType "swiss"]
[EventRounds "6"]
[EventCountry "BRA"]
[SourceTitle "CBM 168 Extra"]
[Source "ChessBase"]
[SourceDate "2015.10.29"]
[SourceVersion "1"]
[SourceVersionDate "2015.10.29"]
[SourceQuality "1"]

1. e4 c5 2. Nc3 e6 3. f4 a6 4. Nf3 Nc6 5. Be2 d5 6. 0-0 Nf6 7. e5 Nd7 8. Qe1 Be7 9. Qg3 0-0 10. b3 f6 11. d3 fxe5 12. fxe5 Ndxe5 13. Nxe5 Rxf1+ 14. Bxf1 Nd4 15. Bf4 Nxc2 16. Rc1 Nd4 17. Ne2 Nf5 18. Qe1 Bf6 19. Ng3 g5 20. Bd2 b6 21. Nh5 Bh8 22. Nf3 g4 23. Ne5 Qe8 24. Nf4 h5 25. b4 cxb4 26. Bxb4 a5 27. Bd2 Ba6 28. Nfg6 Bf6 29. Rc7 Rc8 30. Qc1 Nh4 31. Rxc8 Bxc8 32. Bg5 Bxe5 33. Nxe5 Nf5 34. Qc7 a4 35. Qxb6 Bd7 36. Qb7 Bc8 37. Qc7 Ba6 38. Qb6 Bc8 39. d4 Qf8 40. Qc7 Qe8 41. Qa5 Nxd4 42. Qd2 Nf5 43. Bf6 Kh7 44. Bd3 Qf8 45. Bxf5+ exf5 46. Bg5 Be6 47. Be3 Qb8 48. Bd4 Qb1+ 49. Kf2 Qe4 50. Nc6 1/2-1/2

[Event "Macae Sudeste-ch"]
[Site "Macae"]
[Date "2015.05.02"]
[Round "3"]
[White "Ferreira, Kleber Victor"]
[Black "Khaje Hesamedini, Ali"]
[Result "0-1"]
[WhiteElo "2068"]
[BlackElo "2165"]
[PlyCount "108"]
[EventDate "2015.05.01"]
[EventType "swiss"]
[EventRounds "6"]
[EventCountry "BRA"]
[SourceTitle "CBM 166 Extra"]
[Source "ChessBase"]
[SourceDate "2015.06.18"]
[SourceVersion "1"]
[SourceVersionDate "2015.06.18"]
[SourceQuality "1"]

1. e4 e5 2. f4 Bc5 3. Nf3 d6 4. Nc3 Nc6 5. Bc4 Nf6 6. d3 Bg4 7. Na4 0-0 8. Nxc5 dxc5 9. 0-0 Qd6 10. Qd2 Bxf3 11. gxf3 Rad8 12. fxe5 Nxe5 13. Qf2 Nxc4 14. dxc4 b6 15. Be3 Qe6 16. b3 Ne8 17. Qh4 Nd6 18. Rae1 f5 19. e5 Nb7 20. f4 Na5 21. Rd1 Nc6 22. Qf2 Qg6+ 23. Kh1 Qh5 24. Rd5 Nb4 25. Qd2 Qh3 26. Rf2 Nc6 27. a3 a5 28. a4 Kh8 29. Kg1 Qh4 30. Qd1 Rc8 31. Rg2 Nd8 32. Rd7 Ne6 33. Qd2 Rcd8 34. Rd5 Kg8 35. Qf2 Qe7 36. Qd2 Qh4 37. Qf2 Qe7 38. Qd2 Qh4 39. Qf2 Qxf2+ 40. Rxf2 c6 41. Rxd8 Rxd8 42. Kg2 Kf7 43. Re2 Rd1 44. Kf2 h6 45. h4 Kg6 46. Kg3 Kh5 47. Bf2 g5 48. hxg5 hxg5 49. fxg5 Kxg5 50. Kf3 f4 51. Kg2 Kg4 52. Re1 Rxe1 53. Bxe1 Kf5 54. c3 Kxe5 0-1

[Event "American Continental 10th"]
[Site "Praia da Pipa"]
[Date "2014.10.21"]
[Round "5"]
[White "Ferreira, Jose Carlos"]
[Black "Ferreira, Kleber Victor"]
[Result "1/2-1/2"]
[WhiteElo "1884"]
[BlackElo "2079"]
[PlyCount "84"]
[EventDate "2014.10.18"]
[EventType "swiss"]
[EventRounds "11"]
[EventCountry "BRA"]
[SourceTitle "EXT 2015"]
[Source "ChessBase"]
[SourceDate "2014.11.20"]
[SourceVersion "1"]
[SourceVersionDate "2014.11.20"]
[SourceQuality "1"]

1. d4 f5 2. Nc3 Nf6 3. Bg5 d5 4. f3 e6 5. e3 Be7 6. Nge2 0-0 7. Qd2 a6 8. a3 b5 9. Nf4 c5 10. Be2 Nc6 11. Bd1 Qb6 12. Nce2 h6 13. Bxf6 Bxf6 14. c3 a5 15. 0-0 a4 16. Kh1 Na5 17. Ng3 Nc4 18. Qf2 g5 19. Nd3 cxd4 20. exd4 f4 21. Ne2 Ra7 22. Re1 Raf7 23. Ng1 Ne3 24. Re2 Re7 25. g3 e5 26. dxe5 Bxe5 27. Nxe5 Rxe5 28. gxf4 gxf4 29. Qh4 Rg5 30. Bc2 Qf6 31. Nh3 Bxh3 32. Qxh3 Kh8 33. Bd3 Rfg8 34. Qd7 R5g7 35. Qh3 Qb6 36. Ree1 Qd6 37. Rg1 Ng2 38. Qf5 Qe7 39. Qh5 Qf6 40. Qf5 Qe7 41. Qh5 Qf6 42. Qf5 Qe7 1/2-1/2

[Event "Rio de Janeiro Verao op"]
[Site "Rio de Janeiro"]
[Date "2014.01.19"]
[Round "6"]
[White "Ferreira, Kleber Victor"]
[Black "Santos, Marcus Vinicius M"]
[Result "0-1"]
[WhiteElo "2100"]
[BlackElo "2304"]
[PlyCount "48"]
[EventDate "2014.01.10"]
[EventType "swiss"]
[EventRounds "7"]
[EventCountry "BRA"]
[SourceTitle "CBM 158 Extra"]
[Source "ChessBase"]
[SourceDate "2014.02.28"]
[SourceVersion "1"]
[SourceVersionDate "2014.02.28"]
[SourceQuality "1"]

1. e4 g6 2. Nc3 Bg7 3. f4 c5 4. Nf3 d6 5. Bb5+ Bd7 6. Bc4 Nc6 7. 0-0 Na5 8. Be2 Nf6 9. Qe1 0-0 10. Qh4 Nc6 11. d3 Nd4 12. Bd1 Rc8 13. f5 gxf5 14. Bh6 fxe4 15. dxe4 Bxh6 16. Qxh6 Kh8 17. Ng5 Ne6 18. Rxf6 Nxg5 19. Rf4 Rg8 20. Bg4 Bxg4 21. Rxg4 Qb6 22. Na4 Qa5 23. Rxg5 Qxa4 24. Rh5 Qxe4 0-1

[Event "BRA-ch sf1 80th"]
[Site "Rio de Janeiro"]
[Date "2013.11.01"]
[Round "3"]
[White "Ferreira, Kleber Victor"]
[Black "Abdalla, Luiz Guilherme"]
[Result "0-1"]
[WhiteElo "2109"]
[BlackElo "2272"]
[PlyCount "80"]
[EventDate "2013.10.31"]
[EventType "swiss"]
[EventRounds "7"]
[EventCountry "BRA"]
[SourceTitle "EXT 2014"]
[Source "ChessBase"]
[SourceDate "2013.11.20"]
[SourceVersion "1"]
[SourceVersionDate "2013.11.20"]
[SourceQuality "1"]

1. e4 g6 2. Nc3 Bg7 3. f4 c6 4. Bc4 d6 5. Nf3 e6 6. d3 d5 7. Bb3 Ne7 8. 0-0 Nd7 9. a3 b6 10. Qe1 Ba6 11. f5 gxf5 12. exd5 cxd5 13. Bg5 Bb7 14. Qg3 Rg8 15. Qh3 h6 16. Bh4 Nc5 17. Rfe1 Nxb3 18. cxb3 d4 19. Ne2 Bxf3 20. Qxf3 Qd5 21. Qf2 Ng6 22. Bg3 Rc8 23. Rac1 Ke7 24. Nf4 Nxf4 25. Qxf4 Kf6 26. Rc4 Kg6 27. Qc1 Qd7 28. Re2 b5 29. Rcc2 Bf6 30. h4 Kh7 31. Bf4 Bxh4 32. Bxh6 Rxc2 33. Rxc2 Qd5 34. Bf4 Rg4 35. Qf1 e5 36. Bh2 e4 37. b4 e3 38. Rc5 Bf2+ 39. Kh1 Qe6 40. Qe2 Qh6 0-1

[Event "Manaus zt 2.4"]
[Site "Manaus"]
[Date "2013.05.02"]
[Round "8"]
[White "Macedo, Maximo Iack Miranda"]
[Black "Ferreira, Kleber Victor"]
[Result "1-0"]
[WhiteElo "2386"]
[BlackElo "2118"]
[PlyCount "111"]
[EventDate "2013.04.27"]
[EventType "swiss"]
[EventRounds "9"]
[EventCountry "BRA"]
[SourceTitle "CBM 154 Extra"]
[Source "ChessBase"]
[SourceDate "2013.06.25"]
[SourceVersion "2"]
[SourceVersionDate "2013.06.25"]
[SourceQuality "1"]

1. d4 f5 2. Bf4 Nf6 3. e3 e6 4. Nf3 b6 5. Nbd2 Bb7 6. Bd3 Bd6 7. Bxd6 cxd6 8. c4 Qe7 9. 0-0 Ne4 10. Qc2 Nxd2 11. Nxd2 0-0 12. d5 Na6 13. a3 Nc5 14. Be2 Rf6 15. b4 Na6 16. Bf3 g5 17. g3 e5 18. e4 f4 19. Qd3 Nc7 20. Bh5 Rh6 21. g4 Kh8 22. b5 Rg8 23. f3 Ne8 24. Bxe8 Qxe8 25. Kg2 Rh4 26. h3 h5 27. Rh1 Rg6 28. Rh2 Rh6 29. Rah1 Qc8 30. Nb3 a5 31. Nc1 Qc5 32. gxh5 R6xh5 33. Qc3 Kg7 34. Nd3 Qc7 35. Qc1 Rh8 36. Kf1 Rc8 37. Rc2 Rch8 38. Kg2 Ba8 39. Qg1 Kf6 40. Qf1 Bb7 41. Kf2 Ba8 42. Ke1 Qc8 43. Kd2 R8h7 44. Kc3 Qh8 45. Rch2 Qc8 46. Rg2 Qh8 47. Qg1 Rxh3 48. Rxh3 Rxh3 49. Rxg5 Rxf3 50. Rg8 Qh7 51. Rf8+ Ke7 52. Rxa8 Rg3 53. Qxb6 Rxd3+ 54. Kxd3 Qh3+ 55. Kc2 Qg2+ 56. Kb3 1-0

[Event "Manaus zt 2.4"]
[Site "Manaus"]
[Date "2013.04.28"]
[Round "2"]
[White "Supi, Luis Paulo"]
[Black "Ferreira, Kleber Victor"]
[Result "1/2-1/2"]
[WhiteElo "2321"]
[BlackElo "2118"]
[PlyCount "58"]
[EventDate "2013.04.27"]
[EventType "swiss"]
[EventRounds "9"]
[EventCountry "BRA"]
[SourceTitle "CBM 154 Extra"]
[Source "ChessBase"]
[SourceDate "2013.06.25"]
[SourceVersion "2"]
[SourceVersionDate "2013.06.25"]
[SourceQuality "1"]

1. c4 e5 2. Nc3 Nc6 3. Nf3 f5 4. d4 Bb4 5. dxe5 Bxc3+ 6. bxc3 Nge7 7. h4 0-0 8. h5 Qe8 9. h6 g6 10. Bg5 Qf7 11. e3 d6 12. exd6 cxd6 13. Qxd6 Be6 14. Nd4 Bxc4 15. Bxe7 Bxf1 16. Bxf8 Bxg2 17. Rg1 Rd8 18. Nxc6 Rxd6 19. Bxd6 Bxc6 20. Be5 Qc4 21. Kd2 Be4 22. Rgd1 Bf3 23. Re1 Qb5 24. Bg7 Be4 25. Kc1 Qd3 26. Kb2 Qc2+ 27. Ka3 b5 28. Red1 Qa4+ 29. Kb2 Qc2+ 1/2-1/2

[Event "Manaus zt 2.4"]
[Site "Manaus"]
[Date "2013.04.27"]
[Round "1"]
[White "Ferreira, Kleber Victor"]
[Black "Dos Santos, Wesley Cesar Reis"]
[Result "1-0"]
[WhiteElo "2118"]
[BlackElo "1795"]
[PlyCount "81"]
[EventDate "2013.04.27"]
[EventType "swiss"]
[EventRounds "9"]
[EventCountry "BRA"]
[SourceTitle "CBM 154 Extra"]
[Source "ChessBase"]
[SourceDate "2013.06.25"]
[SourceVersion "2"]
[SourceVersionDate "2013.06.25"]
[SourceQuality "1"]

1. e4 c5 2. Nc3 a6 3. f4 Nc6 4. Nf3 e6 5. Be2 Nge7 6. 0-0 g6 7. e5 Bg7 8. Ne4 0-0 9. Nxc5 Qb6 10. d4 Rd8 11. Ne4 Nf5 12. c3 d6 13. Qb3 Qa7 14. Kh1 b5 15. Nf6+ Bxf6 16. exf6 d5 17. Bd3 Nd6 18. Ne5 Na5 19. Qc2 Ne4 20. b4 Nc4 21. Nc6 Qc7 22. Nxd8 Qxd8 23. Bxe4 dxe4 24. Qxe4 Rb8 25. f5 Qxf6 26. Qf4 Qxf5 27. Qxf5 gxf5 28. Bf4 Rb6 29. Rf3 e5 30. dxe5 Rg6 31. a4 Bb7 32. Rg3 Rxg3 33. hxg3 bxa4 34. Rxa4 Nb2 35. Ra5 Nd1 36. c4 Nf2+ 37. Kg1 Nd3 38. b5 axb5 39. cxb5 Kg7 40. Ra7 Bd5 41. b6 1-0